000 00365nam a2200169Ia 4500
100 _aYunus/Muhammad
650 _aGeneral
942 _cBK
366 _f17.5
654 _apoverty
245 _aCreating a world without poverty
260 _bPublic Affairs
_aNew York
_c2007
082 _a339.46/YUN
_bYUN
300 _a261
546 _aENGLISH
999 _c27333
_d27333